[Event "CRO-chT2 Ost"]
[Site "Croatia"]
[Date "2015.10.18"]
[Round "9.46"]
[White "Crnogorac, Radovan"]
[Black "Faletar, Slavko"]
[Result "0-1"]
[WhiteElo "1845"]
[BlackElo "1843"]
[PlyCount "130"]
[EventDate "2015.04.25"]
[EventType "team-tourn"]
[EventRounds "11"]
[EventCountry "CRO"]
[SourceTitle "EXT 2016"]
[Source "ChessBase"]
[SourceDate "2015.10.08"]
[SourceVersion "1"]
[SourceVersionDate "2015.10.08"]
[SourceQuality "1"]

1. d4 Nf6 2. c4 e6 3. Nf3 b6 4. a3 h6 5. Nc3 Bb7 6. g3 Be7 7. Bg2 0-0 8. 0-0 a5 9. d5 Na6 10. e4 d6 11. dxe6 fxe6 12. Nd4 Nc5 13. Re1 e5 14. Nf5 Bc8 15. Nd5 Nxd5 16. cxd5 Bxf5 17. exf5 Rxf5 18. Be3 Rb8 19. Qc2 Rf8 20. b4 axb4 21. axb4 Nd7 22. Ra7 Bg5 23. Bh3 Bxe3 24. Rxe3 Nf6 25. Be6+ Kh8 26. Rxc7 Ne8 27. Ra7 Ra8 28. Rea3 Rxa7 29. Rxa7 Qf6 30. Ra2 Qf3 31. Qe2 Qxe2 32. Rxe2 Nc7 33. Rc2 Nb5 34. Rc6 Rb8 35. Kg2 g5 36. h3 Kg7 37. h4 Kf6 38. hxg5+ hxg5 39. Kh3 e4 40. Kg2 Ke5 41. Bf7 Nd4 42. Rc7 Nf3 43. Be6 Ne1+ 44. Kf1 Nd3 45. Rg7 Nxb4 46. Rxg5+ Kd4 47. Rh5 Rf8 48. Ke2 Nd3 49. Rh2 b5 50. g4 b4 51. g5 b3 52. Kd2 Rb8 53. Rh1 Nxf2 54. Rb1 e3+ 55. Ke2 Ne4 56. Rd1+ Nd2 57. g6 Rb7 58. Bf7 b2 59. g7 Rb8 60. g8Q Rxg8 61. Bxg8 b1Q 62. Rxb1 Nxb1 63. Bf7 Nc3+ 64. Kf3 Kd3 65. Bg6+ Kd2 0-1